Hegel's India : (Record no. 138501)

MARC details
000 -LEADER
fixed length control field 00719nam a22002177a 4500
005 - DATE AND TIME OF LATEST TRANSACTION
control field 20170328150931.0
010 ## - LCCN (DPL NO)
LC control number ENG-117356
020 ## - INTERNATIONAL STANDARD BOOK NUMBER
International Standard Book Number 9780199468270
Terms of availability 950.00
020 ## - INTERNATIONAL STANDARD BOOK NUMBER
International Standard Book Number 0199468273
Terms of availability 950.00
035 ## - SYSTEM CONTROL NUMBER
System control number EN-100888
037 ## - SOURCE OF ACQUISITION
Source of stock number/acquisition DABD/PUB
082 ## - DEWEY DECIMAL CLASSIFICATION NUMBER
Classification number 193
100 ## - MAIN ENTRY--PERSONAL NAME
Personal name Rathore, Aakash Singh
245 ## - TITLE STATEMENT
Title Hegel's India :
Statement of responsibility, etc by Aakash Singh Rathore [and] Rimina Mohapatra
Remainder of title a reinterpretation,with texts /
260 ## - PUBLICATION, DISTRIBUTION, ETC. (IMPRINT)
Place of publication, distribution, etc New Delhi
Name of publisher, distributor, etc Oxford University Press
Date of publication, distribution, etc 2017
270 ## - ADDRESS
Address YMCA Library Buiding 1 Jai Singh
City New Delhi
Postal code 110001
300 ## - PHYSICAL DESCRIPTION
Extent x,310p.
Dimensions 23cm(Hb)
500 ## - GENERAL NOTE
General note Includes bibliographical references andindex
700 ## - ADDED ENTRY--PERSONAL NAME
Personal name Mohapatra, Rimina
942 ## - ADDED ENTRY ELEMENTS (KOHA)
Source of classification or shelving scheme Dewey Decimal Classification
Item type English Books
Classification part 193
Call number suffix RAT
Holdings
Withdrawn status Lost status Not for loan Collection code Home library Current library Date acquired Source of acquisition Cost, normal purchase price Full call number Barcode Copy number Cost, replacement price Koha item type
    Not For Loan Non-fiction D.B.Act.Division Bawana 28/03/2017 DBAD/PUB 950.00 193 RAT EN-100888 1 950.00 English Books

© Delhi Public Library
Hit Counter
free hit counter